[Event "Mechanics' Peter Grey TNM; G/2 d5"]
[Site "San Francisco"]
[Date "2017.08.22"]
[Round "3.42"]
[White "Zaman, Ahyan"]
[Black "Otterbach, Renate"]
[Result "1-0"]
[WhiteElo "1542"]
[BlackElo "1264"]
[PlyCount "95"]
[EventDate "2017.??.??"]

1. c4 e5 2. Nc3 d6 3. g3 Nc6 4. Bg2 Be7 5. Nf3 Bg4 6. O-O Nf6 7. d3 Rb8 8. Bd2
Qd7 9. e3 O-O 10. Qc2 Bf5 11. a3 Na5 12. Bc1 Nxc4 $2 {Diagram [#]} 13. e4 Be6
14. dxc4 Bxc4 15. Rd1 Be6 16. Nxe5 Qc8 17. Nf3 Rd8 18. Ng5 Bg4 19. f3 h6 20.
Nxf7 Kxf7 21. fxg4 Qxg4 22. Rf1 Kg8 23. Bf3 Qg6 24. Qb3+ Kh8 25. Bf4 Nd7 26.
Nd5 Bg5 27. Bxg5 Qxg5 28. Nxc7 $2 Qc5+ 29. Kh1 Qxc7 $11 30. Rac1 Qb6 31. Qxb6
Nxb6 32. Bg4 Rf8 33. b3 a5 34. Rxf8+ Rxf8 35. Rc7 Rb8 36. a4 Na8 37. Rd7 b5 38.
axb5 Nb6 39. Rxd6 a4 40. bxa4 Nxa4 41. e5 Rxb5 42. e6 Re5 43. Rc6 h5 44. Bxh5
Rxh5 45. e7 Re5 46. Rc8+ Kh7 47. e8=Q Rxe8 48. Rxe8 1-0

[Event "Mechanics' Summer TNM; G/2 d5"]
[Site "San Francisco"]
[Date "2017.07.18"]
[Round "8.15"]
[White "Zaman, Ahyan"]
[Black "Ricard, Bruce"]
[Result "1-0"]
[WhiteElo "1371"]
[BlackElo "1566"]
[PlyCount "99"]
[EventDate "2017.??.??"]

1. c4 c6 2. Nc3 d5 3. d4 Nf6 4. e3 Bf5 5. cxd5 cxd5 6. Qb3 Qd7 7. Bb5 Nc6 8.
Nf3 e6 9. Ne5 Qc7 10. Qa4 Rc8 11. Qxa7 Bd6 12. Nxc6 bxc6 13. Qxc7 Rxc7 14. Be2
Ke7 15. a3 Ra8 16. O-O Rb7 17. h3 Bc2 18. f3 c5 19. f4 cxd4 20. exd4 Rb4 21.
axb4 Rxa1 22. b5 Bc7 23. Be3 Ra8 24. g4 g6 25. Rc1 Bb3 26. g5 Ne8 27. h4 Bb6
28. Kg2 Nd6 29. Bd3 Bc4 30. Bxc4 Nxc4 31. Bf2 Nxb2 32. Rc2 Nc4 33. Re2 Ra3 34.
Nxd5+ Kd6 35. Nxb6 Nxb6 36. Rc2 Nd5 37. Rc6+ Kd7 38. Bg3 Rd3 39. Ra6 Rb3 40.
Ra7+ Ke8 41. Ra8+ Ke7 42. Ra7+ Kf8 43. Ra8+ Kg7 44. f5 gxf5 45. h5 h6 46. Be5+
f6 47. gxf6+ Kf7 48. Ra7+ Ke8 49. f7+ Kd8 50. f8=R# 1-0

[Event "Mechanics' Peter Grey TNM; G/2 d5"]
[Site "San Francisco"]
[Date "2017.08.08"]
[Round "1.5"]
[White "Zaman, Ahyan"]
[Black "Vickers, Keith"]
[Result "0-1"]
[WhiteElo "1542"]
[BlackElo "2200"]
[Annotator "Donaldson"]
[PlyCount "70"]
[EventDate "2017.??.??"]

1. c4 f5 2. Nc3 Nf6 3. g3 e6 4. Bg2 Be7 5. Nf3 O-O 6. O-O d6 7. d4 a5 8. Re1
Ne4 9. Qc2 Nxc3 10. Qxc3 Bf6 11. e3 Nc6 12. b3 e5 13. Bb2 e4 14. Nd2 Nb4 15.
Bf1 c5 16. Qc1 Nc6 17. d5 Ne5 18. Kg2 Qe8 19. Be2 Qg6 20. f4 exf3+ 21. Nxf3 Ng4
22. Bxf6 Nxf6 23. Bd3 Qh6 24. e4 fxe4 25. Bxe4 Qh3+ 26. Kg1 Nxe4 27. Rxe4 Rxf3
28. Re8+ Kf7 29. Qg5 Kxe8 30. Re1+ Be6 31. dxe6 (31. Rxe6+ Kf8) 31... Qh6 32.
Qd5 Re3 33. Rf1 Qxe6 34. Qxb7 Rd8 35. Qxg7 Re1 0-1

[Event "Mechanics' Fall TNM; G/2 d5"]
[Site "San Francisco"]
[Date "2017.12.05"]
[Round "7.40"]
[White "Zulkhuu, Jamyandagva"]
[Black "Casares Jr, Nick"]
[Result "1-0"]
[WhiteElo "935"]
[BlackElo "1600"]
[Annotator "Donaldson"]
[PlyCount "34"]
[EventDate "2017.??.??"]

1. e4 e5 2. Nf3 Nc6 3. Nc3 Nf6 4. Bc4 Nxe4 5. O-O Nxc3 6. dxc3 h6 {
A good alternative to the ususal 6...f6.} 7. Re1 d6 8. h3 Be7 9. b4 Be6 10. Qd3
Bxc4 11. Qxc4 O-O 12. a4 a6 13. Bb2 d5 14. Qg4 f5 15. Qh5 e4 16. Nd4 Bf6 17.
Qxf5 Kh8 {Black is better at this point, but lost in the end. The remaining
moves are unavailable.} 1-0

[Event "Mechanics' Fall TNM; G/2 d5"]
[Site "San Francisco"]
[Date "2017.10.24"]
[Round "1.36"]
[White "Zulkhuu, Jamyandagva"]
[Black "Mays, Jerry L"]
[Result "0-1"]
[WhiteElo "935"]
[BlackElo "1700"]
[PlyCount "56"]
[EventDate "2017.??.??"]

1. e4 e5 2. Nf3 Nc6 3. Nc3 Nf6 4. d3 Be7 5. Bg5 h6 6. Bxf6 Bxf6 7. g3 O-O 8.
Bg2 d6 9. h3 Nd4 10. Nd5 c6 11. Nxf6+ Qxf6 12. Nxd4 exd4 13. O-O Qg6 14. Qf3 f5
15. Rfe1 fxe4 16. Qxe4 Qf6 17. f4 Bf5 18. Qf3 Rae8 19. g4 Be6 20. Re2 Bd5 21.
Qf2 Bxg2 22. Qxg2 Qxf4 23. Rf1 Rxe2 24. Qxe2 Qxf1+ 25. Qxf1 Rxf1+ 26. Kxf1 g5
27. Kf2 Kf7 28. Kf3 d5 0-1

[Event "Mechanics' Fall TNM; G/2 d5"]
[Site "San Francisco"]
[Date "2017.12.19"]
[Round "9.34"]
[White "Zulkhuu, Jamyandagva"]
[Black "McLain, Julian"]
[Result "1-0"]
[WhiteElo "935"]
[BlackElo "1506"]
[PlyCount "73"]
[EventDate "2017.??.??"]

1. e4 e6 2. Nf3 d5 3. e5 c5 4. c3 Nc6 5. Bb5 Bd7 6. Bxc6 Bxc6 7. d4 cxd4 8.
cxd4 Bb4+ 9. Nc3 Qa5 10. Bd2 Bb5 11. a3 Bxc3 12. Bxc3 Qc7 13. a4 Bc4 14. b3 Ba6
15. Rc1 Ne7 16. Bb4 Qd7 17. Bd6 Rc8 18. Rxc8+ Qxc8 19. b4 Bc4 20. Bxe7 Kxe7 21.
Nd2 a6 22. f4 Qc7 23. Qh5 g6 24. Qh4+ Kf8 25. Kf2 Kg7 26. Qf6+ Kg8 27. Rc1 b5
28. a5 h6 29. h4 Kh7 30. g4 Rg8 31. Nf3 Qa7 32. Rc3 Re8 33. h5 Qe7 34. hxg6+
fxg6 35. Kg3 Qxb4 $4 (35... Qg7) 36. Qf7+ Kh8 37. Qxe8+ 1-0

[Event "Mechanics' Fall TNM; G/2 d5"]
[Site "San Francisco"]
[Date "2017.11.14"]
[Round "4.47"]
[White "Zulkhuu, Jamyandagva"]
[Black "Nassif, Wassim"]
[Result "0-1"]
[WhiteElo "935"]
[BlackElo "1086"]
[PlyCount "82"]
[EventDate "2017.??.??"]

1. e4 e5 2. Nf3 Nc6 3. Bc4 Bc5 4. Nc3 a6 5. d3 h6 6. b3 b5 7. Bd5 Bb7 8. Bxc6
Bxc6 9. Nxe5 Bb7 10. Bb2 Qg5 11. Nf3 O-O-O 12. Qd2 Ne7 13. O-O-O Bd6 14. d4 Bf4
15. Qxf4 Qxf4+ 16. Kb1 Bxe4 17. Rhe1 Bxf3 18. gxf3 Rde8 19. Re4 Qxf3 20. Rde1
Kd8 21. R1e3 Qxf2 22. Nd1 Qxh2 23. Re5 d5 24. Nc3 c6 25. Ba3 Qh4 26. Bc5 Kd7
27. Kb2 Qf6 28. Bxe7 Rxe7 29. Rxe7+ Qxe7 30. Rxe7+ Kxe7 31. Ka3 h5 32. Ne2 h4
33. Nf4 g5 34. Nh3 g4 35. Kb4 gxh3 36. a4 h2 37. Kc5 h1=Q 38. c3 Kd7 39. c4 Kc7
40. b4 Qc1 41. axb5 Qxc4# 0-1